000 00267nam a22001217a 4500
008 260227b ||||| |||| 00| 0 eng d
041 _aeng
080 _a2.1
100 _a19
101 _amena
245 _aManagment
_cBerim Ramosaj, Izet Zeqiri
942 _2udc
_cBK
999 _c60866
_d60866